[Event "AUTO-INT-2595"]
[Site "http://www.queenalice.com/game.php?id=1164870"]
[Date "2013.3.26"]
[Round "1"]
[White "Cuti"]
[Black "thigo"]
[Result "1-0"]
[WhiteElo "1511"]
[BlackElo "1592"]

1. d4 e6 2. c4 d5 3. cxd5 Qxd5 4. Nc3 Qa5 5. e4 Nc6 6. Nf3 Bb4 7. Bd2 Bd7 8. d5
exd5 9. Nxd5 Bxd2+ 10. Qxd2 Qa4 11. Nxc7+ Ke7 12. Nxa8 Nb4 13. b3 Qc6 14. Qxb4+
Kf6 15. Qd4+ Kg6 16. Ne5+ Kh6 17. Nxc6 Bxc6 18. f3 Nf6 19. Qxa7 Nd7 20. Nc7 b5
21. Bxb5 Nb8 22. a4 Bxb5 23. Nxb5 g6 24. Qxf7 Nc6 25. Qf6 Nb4 26. Qxh8 Nc2+ 27.
Kd2 Nxa1 28. g4 Nxb3+ 29. Kc2 Nc5 30. h4 g5 31. Qf6# 1-0

[Event "AUTO-INT-2595"]
[Site "http://www.queenalice.com/game.php?id=1164871"]
[Date "2013.3.26"]
[Round "1"]
[White "thigo"]
[Black "Cuti"]
[Result "0-1"]
[WhiteElo "1482"]
[BlackElo "1530"]

1. e4 e5 2. Qf3 Nf6 3. Nh3 d5 4. exd5 Nxd5 5. Bc4 c6 6. d3 f6 7. Ng5 fxg5 8. Nc3
Qf6 9. Bxd5 Qxf3 10. Bxf3 g4 11. Be4 Bd6 12. Be3 Be6 13. O-O-O O-O 14. h3 gxh3
15. gxh3 Nd7 16. Rhg1 Bxh3 17. Rh1 Bf5 18. Bxf5 Rxf5 19. Ne4 Be7 20. Ng3 Rf7 21.
Ne4 h6 22. d4 Rd8 23. dxe5 Nxe5 24. Bxa7 Ra8 25. Bd4 Nf3 26. Be3 Rxa2 27. Kb1
Ra4 28. Nc5 Rb4 29. c3 Rc4 30. Rd7 Bxc5 31. Rd8+ Kh7 32. Bxc5 Rxc5 33. Rh3 Ng5
34. Rhd3 Rxf2 35. Rb8 Rb5 36. b4 Re5 37. Rd1 Re3 38. Rc1 Ree2 39. Rd1 Rb2+ 40.
Ka1 Ne4 41. Rd3 Rbe2 42. Rd1 Nxc3 43. Rg1 Ra2# 0-1

[Event "AUTO-INT-2595"]
[Site "http://www.queenalice.com/game.php?id=1164872"]
[Date "2013.3.26"]
[Round "1"]
[White "Cuti"]
[Black "lafayete2000"]
[Result "1-0"]
[WhiteElo "1452"]
[BlackElo "1477"]

1. d4 e6 2. e4 d5 3. Bd3 Nc6 4. Nf3 dxe4 5. Bxe4 Bd7 6. c4 Bb4+ 7. Bd2 Bxd2+ 8.
Nbxd2 Nf6 9. O-O Nxe4 10. Nxe4 f5 11. Nc5 b6 12. Nxd7 Qxd7 13. Re1 O-O 14. Ne5
Nxe5 15. Rxe5 Rad8 16. d5 exd5 17. Rxd5 Qe7 18. b4 Rxd5 19. Qxd5+ Qf7 20. Qxf7+
Rxf7 21. Rd1 h6 22. Rd8+ Kh7 23. f4 Kg6 24. g3 Kh5 25. h3 Re7 26. Rc8 Re1+ 27.
Kf2 1-0

[Event "AUTO-INT-2595"]
[Site "http://www.queenalice.com/game.php?id=1164873"]
[Date "2013.3.26"]
[Round "1"]
[White "lafayete2000"]
[Black "Cuti"]
[Result "0-1"]
[WhiteElo "1495"]
[BlackElo "1434"]

1. e4 e5 2. d4 exd4 3. Qxd4 Nc6 4. Qd1 Bc5 5. Nf3 d6 6. h3 Nf6 7. Bb5 Nxe4 8.
Bxc6+ bxc6 9. O-O O-O 10. Nbd2 f5 11. Nxe4 fxe4 12. Ng5 d5 13. Qh5 Bf5 14. Qh4
h6 15. Kh1 hxg5 16. Bxg5 Qb8 17. b3 Bd4 18. Rad1 Bf6 19. Bxf6 Rxf6 20. g4 Rh6
21. Qg3 Be6 22. f4 exf3 23. Rxf3 c5 24. Re1 a5 25. Rfe3 Ra6 26. h4 Qd8 27. Rxe6
Raxe6 0-1

[Event "Challenge"]
[Site "http://www.queenalice.com/game.php?id=1189793"]
[Date "2013.6.11"]
[Round "-"]
[White "TheOperator"]
[Black "Cuti"]
[Result "1-0"]
[WhiteElo "1537"]
[BlackElo "1544"]

1. e4 e5 2. d3 c5 3. Nf3 Nc6 4. Bd2 b6 5. a3 Bb7 6. c3 d6 7. Be2 Nf6 8. Qb3 Na5
9. Qb5+ Bc6 10. Qa6 Nd7 11. d4 Bxe4 12. Bd1 Be7 13. b4 Nc6 14. O-O exd4 15. Qc4
Nde5 16. Qb3 O-O 17. bxc5 dxc5 18. c4 Bd3 19. Re1 Bxc4 20. Qc2 f6 21. Qe4 1-0

[Event "Challenge"]
[Site "http://www.queenalice.com/game.php?id=1189794"]
[Date "2013.6.11"]
[Round "-"]
[White "Cuti"]
[Black "TheOperator"]
[Result "0-1"]
[WhiteElo "1528"]
[BlackElo "1553"]

1. d4 d5 2. e3 Nc6 3. g3 Nf6 4. Bg2 e6 5. Nf3 Ne4 6. O-O Qd7 7. a3 f6 8. b4 a6
9. Bb2 Bd6 10. Nfd2 Ng5 11. f4 Nf7 12. c4 dxc4 13. Nxc4 Be7 14. Qg4 g6 15. Nbd2
f5 16. Qe2 Bf6 17. Nb3 b6 18. Rac1 Bb7 19. a4 Nxb4 20. Bxb7 Ra7 0-1

[Event "AUTO-OPEN-3011"]
[Site "http://www.queenalice.com/game.php?id=1189908"]
[Date "2013.6.11"]
[Round "1"]
[White "Parma"]
[Black "Cuti"]
[Result "1-0"]
[WhiteElo "1842"]
[BlackElo "1469"]

1. d4 Nf6 2. c4 b6 3. e3 d5 4. Nf3 Bg4 5. h3 Bh5 6. Nc3 e6 7. Qa4+ c6 8. Ne5 Qd6
9. b4 a6 10. c5 b5 11. Qa5 Qd8 12. Qxd8+ Kxd8 13. Be2 Bxe2 14. Nxe2 g5 15. Nxf7+
1-0

[Event "AUTO-OPEN-3011"]
[Site "http://www.queenalice.com/game.php?id=1189909"]
[Date "2013.6.11"]
[Round "1"]
[White "Cuti"]
[Black "Parma"]
[Result "0-1"]
[WhiteElo "1467"]
[BlackElo "1844"]

1. d4 d5 2. e3 e6 3. c4 Nf6 4. Nc3 Bb4 5. cxd5 Nxd5 6. Bd2 Bxc3 7. bxc3 O-O 8.
Nf3 Nf6 9. Bc4 a6 10. O-O Nc6 11. h3 b5 12. Bb3 Bb7 13. Re1 Na5 14. e4 Nxe4 0-1

[Event "AUTO-OPEN-3011"]
[Site "http://www.queenalice.com/game.php?id=1189934"]
[Date "2013.6.11"]
[Round "1"]
[White "Cuti"]
[Black "Nille"]
[Result "0-1"]
[WhiteElo "1482"]
[BlackElo "1855"]

1. e4 e5 2. c3 d6 3. d4 exd4 4. cxd4 h6 5. d5 Nf6 6. Nc3 Be7 7. f3 c6 8. g4 cxd5
9. Nxd5 Be6 10. Nxe7 Qxe7 11. b3 Nc6 12. Bb5 a6 0-1

[Event "AUTO-OPEN-3011"]
[Site "http://www.queenalice.com/game.php?id=1189935"]
[Date "2013.6.11"]
[Round "1"]
[White "Nille"]
[Black "Cuti"]
[Result "1-0"]
[WhiteElo "1857"]
[BlackElo "1480"]

1. e4 e5 2. Nf3 d6 3. Bc4 f5 4. exf5 Bxf5 5. d3 Nf6 6. Ng5 d5 7. Bb3 h6 8. Nf3
Nbd7 9. O-O c6 10. Re1 e4 11. dxe4 Bxe4 12. Nc3 1-0

[Event "AUTO-OPEN-3011"]
[Site "http://www.queenalice.com/game.php?id=1189936"]
[Date "2013.6.11"]
[Round "1"]
[White "Cuti"]
[Black "gitano"]
[Result "0-1"]
[WhiteElo "1457"]
[BlackElo "1679"]

1. e4 e5 2. Nf3 Qf6 3. c4 Bc5 4. b3 d6 5. Bb2 Bg4 6. Nc3 c6 7. Na4 Bb4 8. a3 Bc5
9. Be2 Na6 10. h3 Bxf3 11. Bxf3 Ne7 12. O-O O-O 13. b4 Bd4 14. Bxd4 exd4 15. d3
b5 0-1

[Event "AUTO-OPEN-3011"]
[Site "http://www.queenalice.com/game.php?id=1189937"]
[Date "2013.6.11"]
[Round "1"]
[White "gitano"]
[Black "Cuti"]
[Result "1-0"]
[WhiteElo "1671"]
[BlackElo "1465"]

1. e4 e5 2. Qh5 d6 3. Bc4 g6 4. Qf3 f5 5. exf5 Bxf5 6. g4 Qf6 7. gxf5 c6 8. fxg6
hxg6 9. Qxf6 Nxf6 10. f3 d5 11. Bb3 Nbd7 12. d3 Bg7 13. Bg5 b5 14. Nc3 Rh5 15.
Bxf6 1-0

[Event "AUTO-INT-2656"]
[Site "http://www.queenalice.com/game.php?id=1190040"]
[Date "2013.6.11"]
[Round "1"]
[White "ulisses67"]
[Black "Cuti"]
[Result "1-0"]
[WhiteElo "1503"]
[BlackElo "1513"]

1. d4 d5 2. Qd3 Nf6 3. h4 e6 4. e4 dxe4 5. Qb5+ c6 6. Qc4 Nd5 7. Nc3 Bb4 8. Bd2
b5 9. Qe2 f5 10. Nxd5 Bxd2+ 11. Qxd2 exd5 12. f3 1-0

[Event "AUTO-INT-2656"]
[Site "http://www.queenalice.com/game.php?id=1190041"]
[Date "2013.6.11"]
[Round "1"]
[White "Cuti"]
[Black "ulisses67"]
[Result "0-1"]
[WhiteElo "1497"]
[BlackElo "1519"]

1. d4 e6 2. e4 Qh4 3. e5 Nc6 4. Nf3 Qe4+ 5. Be3 Nb4 6. Bd3 Nxd3+ 7. cxd3 Qg6 8.
O-O d6 9. Nc3 dxe5 10. dxe5 Ne7 11. Nb5 Nd5 12. Bxa7 Bd7 0-1

[Event "AUTO-INT-2656"]
[Site "http://www.queenalice.com/game.php?id=1190048"]
[Date "2013.6.11"]
[Round "1"]
[White "Wilson"]
[Black "Cuti"]
[Result "1-0"]
[WhiteElo "1450"]
[BlackElo "1450"]

1. Nf3 d5 2. d4 f5 3. e3 e6 4. Bd3 c5 5. O-O cxd4 6. exd4 Nf6 7. c4 Nc6 8. c5 h6
9. h3 g5 10. a3 g4 11. hxg4 fxg4 12. Bg6+ 1-0

[Event "AUTO-INT-2656"]
[Site "http://www.queenalice.com/game.php?id=1190049"]
[Date "2013.6.11"]
[Round "1"]
[White "Cuti"]
[Black "Wilson"]
[Result "0-1"]
[WhiteElo "1467"]
[BlackElo "1433"]

1. e4 e5 2. Nf3 d6 3. d4 Nf6 4. dxe5 Nxe4 5. Bf4 Be7 6. Bc4 a6 7. Qd5 Be6 8.
Qxb7 Nd7 9. Qxe4 Nc5 10. Qe2 O-O 11. b4 Na4 0-1